| 000 | 00532nam a22002052i 4500 | ||
|---|---|---|---|
| 999 |
_c8388 _d8388 |
||
| 001 | 8388 | ||
| 003 | BD - JhCC | ||
| 005 | 20180717081757.0 | ||
| 008 | 500101s1959 xxk j 000 0 eng d | ||
| 035 | _a(BD - JhCC)8388 | ||
| 040 |
_aUKM _cUKM _dEQO _dBD - JhCC |
||
| 041 | _aeng | ||
| 082 |
_a823.91 _218 _bMAU 1959 |
||
| 100 | 1 |
_aMaurice, John, _d1905- |
|
| 245 | 1 | 0 |
_aDouble Matthew Walker / _cillustrated by Robert Johnstone |
| 260 |
_aBlackie, _c1959 |
||
| 300 |
_a223 p. : _bill. ; _c20 cm |
||
| 942 |
_2ddc _cBK |
||